[Event "Gibtelecom Masters"]
[Site "Gibraltar ENG"]
[Date "2006.02.02"]
[Round "10"]
[White "Aaberg,A"]
[Black "Flores Chico,J"]
[Result "1-0"]
[WhiteElo "2383"]
[BlackElo "2136"]
[EventDate "2006.01.24"]

1. d4 d5 2. Nf3 Nc6 3. Bf4 f6 4. e3 g5 5. Bg3 h5 6. h3 h4 7. Bh2 g4 8. hxg4
Bxg4 9. Be2 h3 10. gxh3 Bxh3 11. Qd3 Nh6 12. Qg6+ Nf7 13. Nc3 Qd7 14. O-O-O
Bf5 15. Qg3 O-O-O 16. Nh4 Be6 17. Bf3 Nd6 18. Rdg1 Bh6 19. Ng6 Rhg8 20.
Nxd5 Bf7 21. Ngxe7+ Nxe7 22. Nxe7+ Qxe7 23. Qh3+ Qe6 24. Qxe6+ Bxe6 25.
Rxg8 Rxg8 26. Bxd6 Bg7 27. Bf4 Bf8 28. Rh7 Rg1+ 29. Kd2 Bb4+ 30. c3 Ba5 31.
d5 Bf5 32. Rh5 Bg6 33. Rh8+ Kd7 34. Rg8 Ke7 35. Bh5 Rg2 36. Rxg6 Rxf2+ 37.
Be2 1-0

[Event "Gibtelecom Masters"]
[Site "Gibraltar ENG"]
[Date "2006.02.02"]
[Round "10"]
[White "Hutchinson,N"]
[Black "Ashton,A"]
[Result "0-1"]
[WhiteElo "2118"]
[BlackElo "2321"]
[EventDate "2006.01.24"]

1. e4 e5 2. Nf3 Nc6 3. Bb5 a6 4. Ba4 Nf6 5. O-O Be7 6. Bxc6 dxc6 7. d3 Nd7
8. b3 c5 9. Bb2 Bd6 10. Nbd2 b5 11. a4 Rb8 12. axb5 axb5 13. Ra7 O-O 14.
Qe2 Re8 15. Rfa1 Nf8 16. Nf1 Ng6 17. Ng3 Nf4 18. Qd2 Qf6 19. Qe3 Bg4 20.
Nd2 h5 21. Nf5 Ne2+ 22. Kh1 Nd4 23. Nxd6 Qxd6 24. Bxd4 cxd4 25. Qe1 Qc6 26.
h3 Be6 27. Qd1 f6 28. R1a6 Rb6 29. Ra2 Bf7 30. Nf3 Rb7 31. R7a6 Rb6 32. Ra7
Rbb8 33. Qa1 Rb7 34. R7a6 Rb6 35. Ra7 Qd7 36. R2a6 Rc6 37. Ne1 Ree6 38.
Rxc6 Qxc6 39. Qa5 Re7 40. Qa3 Re8 41. Qa5 Rc8 42. Kg1 Qc3 43. Qxc3 dxc3 44.
Kf1 c5 45. Ra3 Rc7 46. Ke2 Kf8 47. Ra8+ Ke7 48. Nf3 Kd7 49. Ra6 Rc6 50. Ra5
b4 51. Ra7+ Rc7 52. Ra5 Kc6 53. Nh4 Kb6 54. Ra4 Be6 55. Ra1 Rc8 56. Ra2 g5
57. Nf3 g4 58. hxg4 hxg4 59. Ne1 f5 60. Ra1 fxe4 61. dxe4 c4 62. bxc4 Bxc4+
63. Nd3 Rd8 64. Ra4 Bxd3+ 65. cxd3 Kb5 66. Ra7 b3 67. Rc7 b2 68. Rb7+ Ka6
0-1

[Event "Gibtelecom Masters"]
[Site "Gibraltar ENG"]
[Date "2006.02.02"]
[Round "10"]
[White "Mohota,N"]
[Black "Gilbert,Je"]
[Result "1-0"]
[WhiteElo "2318"]
[BlackElo "2098"]
[EventDate "2006.01.24"]

1. d4 g6 2. c4 Bg7 3. e4 d6 4. Nc3 a6 5. Nf3 Nf6 6. Be2 O-O 7. O-O c6 8. a4
a5 9. Bg5 h6 10. Bf4 Na6 11. h3 Nd7 12. Qd2 Kh7 13. Rad1 Qb6 14. Be3 Qd8
15. Ne1 e5 16. f4 exf4 17. Bxf4 Qe7 18. Nf3 Re8 19. Bg3 Nf8 20. Qf4 Rd8 21.
Bh4 f6 22. Qc1 Nb4 23. Kh1 g5 24. Bg3 f5 25. exf5 Bxf5 26. Nxg5+ Qxg5 27.
Qxg5 hxg5 28. Rxf5 Kg6 29. Rff1 Ne6 30. Bf2 Nf4 31. Bf3 d5 32. cxd5 cxd5
33. Bg1 Rh8 34. Bg4 Raf8 35. Rf3 Nc2 36. Bf2 Nb4 37. Kg1 b6 38. Rd2 Re8 39.
Kh2 Bf6 40. Nb5 Rd8 41. Rd1 Rde8 42. Be3 Nc2 43. Bf2 Nb4 44. Nd6 Rd8 45.
Bf5+ Kg7 46. Nb5 Rde8 47. Bg3 Re2 48. Bxf4 gxf4 49. Rxf4 Rxb2 50. Rg4+ Kf8
51. Rc1 Re2 52. Bg6 Bd8 53. Rf1+ Ke7 54. Rf7+ Ke6 55. Nc7+ Kd6 56. Bf5 Re7
57. Nb5+ Kc6 58. Rg6+ Kb7 59. Rxe7+ Bxe7 60. Rg7 Nc6 61. Bd7 Bd8 62. Bxc6+
Kxc6 63. g4 Re8 64. g5 Re2+ 65. Kg3 Ra2 66. Rg8 Be7 67. g6 Bf6 68. Rf8 Bg7
69. Rc8+ Kd7 70. Rc7+ Ke6 71. Rxg7 Kf6 72. Rg8 Rxa4 73. Nd6 Rxd4 74. Ne8+
Ke7 75. g7 Rd1 76. Rh8 a4 77. g8=Q Rg1+ 78. Kf2 Rxg8 79. Rxg8 1-0

[Event "Gibtelecom Masters"]
[Site "Gibraltar ENG"]
[Date "2006.02.02"]
[Round "10"]
[White "Cannon,Ri"]
[Black "Walton,A"]
[Result "1/2-1/2"]
[WhiteElo "2087"]
[BlackElo "2197"]
[EventDate "2006.01.24"]

1. e4 e6 2. d4 d5 3. Nc3 dxe4 4. Nxe4 Nf6 5. Nxf6+ gxf6 6. Nf3 b6 7. c3 Bb7
8. Be2 Bd6 9. Be3 Nd7 10. Qd2 Qe7 11. O-O-O O-O-O 12. h3 f5 13. g4 Rde8 14.
Bg5 f6 15. Be3 Nf8 16. g5 Ng6 17. gxf6 Qxf6 18. Qd3 Nf4 19. Bxf4 Bxf4+ 20.
Nd2 Reg8 21. Bf3 c6 22. Kb1 Rd8 23. Qc4 b5 24. Qe2 Rhe8 25. Nb3 e5 26. dxe5
Bxe5 27. Qc2 Bc7 1/2-1/2

[Event "Gibtelecom Masters"]
[Site "Gibraltar ENG"]
[Date "2006.02.02"]
[Round "10"]
[White "Gokhale,A"]
[Black "Nimmy,A"]
[Result "1-0"]
[WhiteElo "2198"]
[BlackElo "2123"]
[EventDate "2006.01.24"]

1. d4 d5 2. c4 c6 3. Nf3 Nf6 4. e3 Bf5 5. cxd5 cxd5 6. Qb3 Qc7 7. Bd2 Nc6
8. Bb5 e6 9. O-O Bd6 10. Bb4 O-O 11. Bxd6 Qxd6 12. Bxc6 bxc6 13. Nbd2 Rab8
14. Qc3 Nd7 15. Rfc1 Rfc8 16. Nb3 f6 17. a3 g5 18. Nfd2 g4 19. Ra2 h5 20.
Nc5 Nf8 21. b4 Nh7 22. Nf1 Ng5 23. Ng3 Bg6 24. Ne2 h4 25. Nf4 Bf5 26. Nfd3
Kf7 27. Ne1 Rg8 28. Kh1 g3 29. f4 Ne4 30. Nxe4 Bxe4 31. h3 Rbc8 32. Nd3 Ke7
33. Nc5 Bg6 34. Nb7 Qc7 35. Qc5+ Kd7 36. Qxa7 Ke8 37. Qa6 Kf7 38. Na5 Kg7
39. Raa1 e5 40. fxe5 Be4 41. Qb7 fxe5 42. dxe5 Rgf8 43. Ra2 Kg8 44. Qxc7
Rxc7 45. e6 Rf6 46. Nb3 Bd3 47. Nd4 Rf2 48. Raa1 Be4 49. Nf3 Bxf3 50. gxf3
Rxf3 51. b5 Rxe3 52. b6 Rc8 53. a4 Rb3 54. Rab1 Ra3 55. b7 Rb8 56. Rxc6 Kg7
57. Rc8 1-0

[Event "Gibtelecom Masters"]
[Site "Gibraltar ENG"]
[Date "2006.02.02"]
[Round "10"]
[White "Fox,An"]
[Black "Tissir,M"]
[Result "0-1"]
[WhiteElo "2104"]
[BlackElo "2444"]
[EventDate "2006.01.24"]

1. e4 c5 2. Nc3 Nc6 3. g3 g6 4. Bg2 Bg7 5. d3 d6 6. Be3 Nf6 7. h3 O-O 8.
Nge2 Nd7 9. O-O Rb8 10. Qd2 Nd4 11. f4 b5 12. g4 b4 13. Nd1 f5 14. gxf5
Nxe2+ 15. Qxe2 gxf5 16. c4 bxc3 17. bxc3 Kh8 18. Rc1 fxe4 19. dxe4 Qa5 20.
Rf2 Ba6 21. Qh5 Bc4 22. Kh1 Qa3 23. Bf3 Bf7 24. Qh4 Bf6 25. Qg3 Rg8 26. Qh2
Bh4 27. Rg2 Rxg2 28. Qxg2 Rg8 29. Qd2 Nb6 30. Bf2 Nc4 31. Qc2 Bg3 32. Rb1
Bxf4 33. Rb7 Bg5 34. Be2 Bf6 35. Bxc4 Bxc4 36. Ne3 Qa6 37. Qb2 Bd3 38. Rb8
Bxe4+ 0-1

[Event "Gibtelecom Masters"]
[Site "Gibraltar ENG"]
[Date "2006.02.02"]
[Round "10"]
[White "Giacopelli,V"]
[Black "Bakker,S"]
[Result "0-1"]
[WhiteElo "2102"]
[BlackElo "2308"]
[EventDate "2006.01.24"]

1. Nf3 Nf6 2. b3 d5 3. Bb2 Bf5 4. d3 e6 5. Nbd2 Nbd7 6. h3 h6 7. g3 Bc5 8.
Bg2 O-O 9. e3 c6 10. Qe2 a5 11. a3 Bh7 12. O-O b5 13. c4 bxc4 14. bxc4 Qe7
15. Ra2 Rab8 16. Rfa1 Rb7 17. e4 dxe4 18. dxe4 e5 19. Bc3 Ra8 20. Ne1 Bd6
21. Nd3 Nc5 22. Nxc5 Bxc5 23. Kh2 Nd7 24. f4 Bd6 25. f5 Nc5 26. a4 Bc7 27.
Rb2 Rab8 28. Rxb7 Rxb7 29. Bf1 Kf8 30. Qf2 f6 31. Qf3 Bg8 32. Qd1 Qd8 33.
Qc2 Bb6 34. Rb1 Rd7 35. Nf3 Bf7 36. Kg2 Ba7 37. Ne1 Na6 38. Nf3 Bc5 39. Be2
Ke7 40. g4 Nb4 41. Bxb4 Bxb4 42. c5 Qg8 43. Kg3 Ke8 44. Ba6 Ke7 45. Nh4 Qd8
46. Nf3 Qb8 47. Bc4 Bxc4 48. Qxc4 Kd8 49. Rc1 Kc7 50. Qa6 Qb7 51. Qc4 Qc8
52. Kf2 Kb7 53. Rb1 Qd8 54. Ke2 Kc7 55. Rb3 Qe7 56. Rxb4 axb4 57. Qxb4 Kc8
58. Qb6 Ra7 59. Nd2 Qc7 60. Nc4 Qxb6 61. Nxb6+ Kb7 62. Kd3 Ka6 63. Kc3 Ka5
64. Kb3 Rb7 65. h4 Rb8 66. h5 Ka6 67. Kc3 Rd8 68. Nc4 Rd1 0-1

[Event "Gibtelecom Masters"]
[Site "Gibraltar ENG"]
[Date "2006.02.02"]
[Round "10"]
[White "Coimbra,M"]
[Black "Groffen,H"]
[Result "1/2-1/2"]
[WhiteElo "2083"]
[BlackElo "2185"]
[EventDate "2006.01.24"]

1. e4 e6 2. d4 d5 3. Nd2 Nf6 4. e5 Nfd7 5. Bd3 c5 6. c3 Nc6 7. Ngf3 g6 8.
O-O Bg7 9. Re1 O-O 10. Nf1 cxd4 11. cxd4 Qb6 12. Bc2 f6 13. exf6 Nxf6 14.
Ba4 Ne4 15. Bxc6 bxc6 16. Ng3 e5 17. Be3 Nxg3 18. dxe5 d4 19. Bxd4 c5 20.
Bxc5 Qxc5 21. Qb3+ Kh8 22. hxg3 Bg4 23. Rac1 Qb6 24. Qxb6 axb6 25. Rc6 Rxa2
26. Rxb6 Ra7 27. e6 Re7 28. Ne5 Bxe5 29. Rxe5 Rfe8 30. f3 Rxe6 31. Rexe6
Bxe6 32. Kf2 Re7 33. g4 Kg7 34. Kg3 Bd5 35. Rd6 Bc4 36. Rb6 Rd7 37. Rc6 Bd5
38. Rc2 Rb7 39. Rd2 Be6 40. Kf4 Rb5 41. Rc2 Kf6 42. Rc7 Rb4+ 43. Kg3 Bf7
44. Rc2 Bc4 45. Rd2 Be6 46. Rc2 Ke7 47. Kf2 Kd6 48. Kg3 Bd5 49. Rf2 Kc5 50.
f4 Kd6 51. Kh4 h6 52. f5 g5+ 53. Kh5 Ke7 54. f6+ Kf7 55. Kxh6 Rxg4 56. Rf5
Bxg2 57. Rxg5 Rh4+ 58. Rh5 Rf4 59. Kg5 Rxf6 60. Rh7+ Ke6 61. Rh6 1/2-1/2

[Event "Gibtelecom Masters"]
[Site "Gibraltar ENG"]
[Date "2006.02.02"]
[Round "10"]
[White "Vinas Guerrero,C"]
[Black "Stock,T"]
[Result "0-1"]
[WhiteElo "2160"]
[BlackElo "2083"]
[EventDate "2006.01.24"]

1. e4 c5 2. c3 d6 3. d4 Nf6 4. dxc5 Nc6 5. Bc4 e6 6. Qe2 Nxe4 7. Qxe4 d5 8.
Bxd5 Qxd5 9. Qxd5 exd5 10. Be3 Bf5 11. Nf3 Bd3 12. Nbd2 Be7 13. O-O-O O-O
14. Nb3 Be4 15. Rhg1 Rac8 16. Ne1 Ne5 17. f3 Nc4 18. Bf4 Bf5 19. Rxd5 Be6
20. Rd3 a5 21. Nc2 a4 22. Nbd4 Bxc5 23. a3 Na5 24. Nxe6 Bxg1 25. Nxf8 Kxf8
26. h3 Re8 27. Be3 Nb3+ 28. Kd1 Bxe3 29. Rxe3 Rd8+ 30. Ke1 Nd2 31. Nb4 Nc4
32. Re2 f6 33. Na2 Re8 34. Kd1 Rxe2 35. Kxe2 Nxb2 36. Nb4 Ke7 37. Nc2 Kd6
38. Kd2 Kc5 39. Kc1 Nc4 40. Kd1 Nd6 41. Ne3 Nb5 42. Nf5 g6 43. Ne7 Nxa3 44.
Ng8 f5 45. Nf6 Nc4 46. Kc1 h6 47. Ng8 f4 48. Ne7 Ne5 49. Kc2 b5 50. Nc8 Nc4
51. Ne7 g5 52. h4 gxh4 53. Ng6 Ne3+ 0-1

[Event "Gibtelecom Masters"]
[Site "Gibraltar ENG"]
[Date "2006.02.02"]
[Round "10"]
[White "Smith,AP"]
[Black "Villena Perez,J"]
[Result "1-0"]
[WhiteElo "2200"]
[BlackElo "1915"]
[EventDate "2006.01.24"]

1. e4 e5 2. d4 exd4 3. Qxd4 Nc6 4. Qe3 d6 5. Nc3 Nf6 6. Bd2 Bd7 7. O-O-O
Qe7 8. Nh3 Bxh3 9. Qxh3 Qd7 10. Qe3 O-O-O 11. Bb5 Kb8 12. Nd5 Qe6 13. Bxc6
bxc6 14. Nxf6 Qxa2 15. Bc3 gxf6 16. Bxf6 Qe6 17. Bxd8 Bg7 18. Bg5 Qe5 19.
c3 Qa5 20. Bf4 Re8 21. Rhe1 f5 22. f3 d5 23. e5 Qa1+ 24. Kc2 Qa4+ 25. Kb1
1-0

[Event "Gibtelecom Masters"]
[Site "Gibraltar ENG"]
[Date "2006.02.02"]
[Round "10"]
[White "Suuronen,P"]
[Black "Osuna Vega,E"]
[Result "0-1"]
[WhiteElo "1931"]
[BlackElo "2192"]
[EventDate "2006.01.24"]

1. Nf3 Nf6 2. g3 g6 3. Bg2 Bg7 4. O-O O-O 5. d3 d6 6. a4 c5 7. e4 Nc6 8.
Nbd2 Qc7 9. Nc4 Bg4 10. h3 Be6 11. Nfd2 d5 12. Ne3 Rad8 13. f4 dxe4 14.
Nxe4 Nxe4 15. Bxe4 Bxh3 16. Rf2 Bc8 17. Rh2 Nb4 18. Qf3 f5 19. Bd5+ Nxd5
20. Nxd5 Qd7 21. Ne3 b6 22. Nc4 Bb7 23. Qe2 Qd5 24. Kf2 Bd4+ 25. Be3 e5 26.
fxe5 f4 27. gxf4 Rxf4+ 28. Ke1 Bxe3 29. Qxe3 Rdf8 30. Ke2 Ba6 31. b3 R4f5
32. Rah1 Bxc4 33. dxc4 Qxe5 34. Qxe5 Rxe5+ 35. Kd3 Rd8+ 36. Kc3 Rd7 37. Kb2
Rde7 38. Rd2 g5 39. Rd8+ Kg7 40. Ka3 g4 41. a5 bxa5 42. Ka4 Rg5 43. Kxa5 h5
44. Rd5 Ree5 45. Rd7+ Kg6 46. Rxa7 g3 47. Ra8 g2 48. Rg1 Kf7 49. Kb5 Ref5
50. Rh8 Kg7 51. Rxh5 Rxh5 52. Rxg2+ Kf7 53. Rd2 Ke7 54. Rd3 Rh8 55. c3 Rb8+
56. Ka4 Rf1 57. b4 Rb1 58. Rh3 cxb4 59. Rh7+ Kf6 60. cxb4 R1xb4+ 61. Ka3
Rb1 62. Ka2 R1b4 63. Ka3 Rxc4 64. Ra7 Rc1 65. Ka2 Rcb1 66. Ra6+ Ke5 67.
Ra5+ Kd4 68. Rh5 R1b5 69. Rh4+ Kc5 70. Rh5+ Kb6 71. Rh6+ Ka7 72. Rh7+ R8b7
0-1

[Event "Gibtelecom Masters"]
[Site "Gibraltar ENG"]
[Date "2006.02.02"]
[Round "10"]
[White "Gonzalez Amaya,M"]
[Black "Mohamed,MA"]
[Result "0-1"]
[WhiteElo "1892"]
[BlackElo "2107"]
[EventDate "2006.01.24"]

1. e4 c5 2. Nf3 Nc6 3. d4 cxd4 4. Nxd4 g6 5. Be3 Bg7 6. Bc4 Nf6 7. Nc3 O-O
8. f3 Qb6 9. O-O Qxb2 10. Na4 Qb4 11. Bb3 d6 12. Rb1 Qa5 13. Qe2 Bd7 14.
Rfd1 Nxd4 15. Rxd4 e5 16. Rb4 d5 17. Bd2 Qc7 18. exd5 b5 19. Nc3 Qc5+ 20.
Qf2 Qxb4 21. Ne4 Qd4 22. Nxf6+ Bxf6 23. Be3 Qc3 0-1

[Event "Gibtelecom Masters"]
[Site "Gibraltar ENG"]
[Date "2006.02.02"]
[Round "10"]
[White "Quillan,G"]
[Black "Dunn,Al"]
[Result "1-0"]
[WhiteElo "2356"]
[BlackElo "2076"]
[EventDate "2006.01.24"]

1. e4 c5 2. Nc3 Nc6 3. f4 g6 4. Nf3 Bg7 5. Bb5 Nd4 6. O-O a6 7. Bd3 d6 8.
Nxd4 cxd4 9. Ne2 e5 10. Bc4 Nf6 11. d3 O-O 12. Bb3 Nd7 13. f5 a5 14. a4 Nc5
15. Bd5 Bd7 16. Ng3 Qh4 17. Qf3 Kh8 18. Nh1 gxf5 19. exf5 Bh6 20. g3 Qf6
21. b3 Rac8 22. Bxh6 Qxh6 23. Rae1 Bc6 24. Re2 Rg8 25. Nf2 Qg5 26. Nd1 Nd7
27. Nb2 Nb6 28. Bxc6 bxc6 29. Nc4 Nxc4 30. bxc4 f6 31. Rb1 Qg7 32. Ree1 Qd7
33. Rb6 Rg5 34. Rf1 Qc7 35. Rfb1 Qd7 36. Rb7 Rc7 37. Rb8+ Kg7 38. h4 Qxf5
39. Qxf5 Rxf5 40. R1b7 Rxb7 41. Rxb7+ Kg6 42. Rd7 Rf3 43. Kg2 Re3 44. Kf2
e4 45. dxe4 Rc3 46. Rxd6 Rxc2+ 47. Kf3 Rxc4 48. e5 c5 49. Rxf6+ Kg7 50. h5
Rc1 51. h6+ Kg8 52. Rd6 Kf8 53. Rd7 Re1 54. Kf4 Rf1+ 55. Ke4 Ke8 56. Rxh7
Re1+ 57. Kd5 Kf8 58. Kxc5 d3 59. Rd7 Rxe5+ 60. Kc4 Rh5 61. Rxd3 Rxh6 62.
Re3 Rh5 63. g4 Rg5 64. Re4 Kf7 65. Kd3 Kf6 66. Rf4+ Kg6 67. Kd4 Kg7 68. Kc4
Kg6 69. Rd4 Kf6 70. Re4 Kf7 71. Rf4+ Ke6 72. Kd4 Kd6 73. Ke4 Rc5 74. Kf3
Rc3+ 75. Kf2 Ra3 76. g5 Ke5 77. Rg4 Kf5 78. g6 Kxg4 79. g7 1-0

[Event "Gibtelecom Masters"]
[Site "Gibraltar ENG"]
[Date "2006.02.02"]
[Round "10"]
[White "Thipsay,B"]
[Black "Agdestein,Em"]
[Result "0-1"]
[WhiteElo "2219"]
[BlackElo "2053"]
[EventDate "2006.01.24"]

1. e4 c5 2. Nf3 Nc6 3. d4 cxd4 4. Nxd4 e5 5. Nb5 h6 6. N1c3 Nf6 7. Bc4 a6
8. Nd6+ Bxd6 9. Qxd6 Qe7 10. Qd3 d6 11. Be3 Be6 12. O-O-O Rd8 13. Bb3 Nb4
14. Ba4+ b5 15. Bxb5+ Kf8 16. Qe2 axb5 17. Qxb5 Nxa2+ 18. Nxa2 Bxa2 19. b3
Nxe4 20. Qa5 Bxb3 21. cxb3 Kg8 22. Rd5 Kh7 23. Kb2 Nf6 24. Rb5 d5 25. Bc5
Qd7 26. Qb4 Qf5 27. f3 Rd7 28. Qd2 d4 29. Re1 Nd5 30. Ba3 Rc8 31. g4 Qxf3
32. Rxe5 f6 33. Re1 Rdc7 34. Qxd4 Rc2+ 0-1

[Event "Gibtelecom Masters"]
[Site "Gibraltar ENG"]
[Date "2006.02.02"]
[Round "10"]
[White "Kuenitz,K"]
[Black "Pannekoek,W"]
[Result "0-1"]
[WhiteElo "1901"]
[BlackElo "2083"]
[EventDate "2006.01.24"]

1. e4 e5 2. Nf3 Nc6 3. Bc4 Nf6 4. d4 exd4 5. O-O Nxe4 6. Nxd4 d5 7. Bb5 Bd7
8. Nxc6 bxc6 9. Bd3 Bd6 10. f3 Qh4 11. f4 0-1